Online
Catalog

El pasado en el presente : (Record no. 2666)

MARC details
000 -CABECERA
campo de control de longitud fija 01143nam a2200253 a 4500
001 - NÚMERO DE CONTROL
campo de control 000002832
005 - FECHA Y HORA DE LA ÚLTIMA TRANSACCIÓN
campo de control 20200929150251.0
008 - DATOS DE LONGITUD FIJA--INFORMACIÓN GENERAL
campo de control de longitud fija 800715s1983 mx b s001 f spa
040 ## - FUENTE DE LA CATALOGACIÓN
Centro catalogador/agencia de origen DO-SdBNP
Lengua de catalogación spa
Centro/agencia transcriptor BNPHU
041 17 - CÓDIGO DE LENGUA
Código de lengua del texto/banda sonora o título independiente spa
Código de lengua original eng
Fuente del código Código de idioma MARC
082 ## - NÚMERO DE LA CLASIFICACIÓN DECIMAL DEWEY
Número de clasificación 813.509
Número de documento/Ítem Y68p
100 1# - ENTRADA PRINCIPAL--NOMBRE DE PERSONA
Nombre de persona Young, Thomas Daniel,
Fechas asociadas al nombre 1919-
9 (RLIN) 8967
240 13 - TÍTULO UNIFORME
Título uniforme The past in the present: a thematic study of modern Southern fiction.
Lenguaje de la obra Español.
245 13 - MENCIÓN DE TÍTULO
Título El pasado en el presente :
Resto del título estudio temático de la novelística moderna del sur de Estados Unidos /
Mención de responsabilidad, etc. Thomas Daniel Young ; traducción al español de Ángel Carlos González Ruiz.
260 ## - PUBLICACIÓN, DISTRIBUCIÓN, ETC.
Lugar de publicación, distribución, etc. México :
Nombre del editor, distribuidor, etc. Noemana,
Fecha de publicación, distribución, etc. 1983.
300 ## - DESCRIPCIÓN FÍSICA
Extensión 208 p. ;
Dimensiones 21 cm.
534 ## - NOTA SOBRE LA VERSIÓN ORIGINAL
Encabezamiento principal del original Título de la obra en inglés:
Mención de título del original The past in the present: a thematic study of modern Southern fiction.
504 ## - NOTA DE BIBLIOGRAFÍA, ETC.
Nota de bibliografía, etc. Incluye índice.
504 ## - NOTA DE BIBLIOGRAFÍA, ETC.
Nota de bibliografía, etc. Incluye referencias bibliográficas.
650 #4 - PUNTO DE ACCESO ADICIONAL DE MATERIA--TÉRMINO DE MATERIA
Término de materia o nombre geográfico como elemento de entrada Novela estadounidense
Subdivisión general Historia y crítica
9 (RLIN) 8940
650 #4 - PUNTO DE ACCESO ADICIONAL DE MATERIA--TÉRMINO DE MATERIA
Término de materia o nombre geográfico como elemento de entrada Literatura estadounidense
Subdivisión cronológica SIGLO XX
Subdivisión general Historia y crítica
9 (RLIN) 8968
700 1# - PUNTO DE ACCESO ADICIONAL--NOMBRE DE PERSONA
Nombre de persona González Ruiz, Angel Carlos,
Término indicativo de función/relación tr.
9 (RLIN) 8969
910 ## - DATOS DE OPCIÓN DEL USUARIO (OCLC)
Datos de opción del usuario Catalogación orignal noche
Holdings
Estado de retiro Estado de pérdida Restricciones de uso No para préstamo Código de colección Localización permanente Ubicación/localización actual Ubicación en estantería Fecha de adquisición Número de inventario Total de préstamos Signatura topográfica completa Código de barras Fecha visto por última vez Precio válido a partir de Tipo de ítem Koha Número de copia
    Préstamo interno   Monografías: Libros y Folletos General General En catalogación 03.07.2009 LF1   813.509 Y68p 2832-10 25.06.2020 25.06.2020 Préstamo interno  
    Préstamo restringido Préstamo restrigido Monografías: Libros y Folletos General General En catalogación 03.07.2009 LF1   813.509 Y68p 2832-20 25.06.2020 25.06.2020 Préstamo interno e.2

Powered by Koha